000 00495nam a2200205Ia 4500
003 OSt
005 20251010100550.0
008 250729s2005 xx 000 0 und d
020 _a9788171694327
040 _cAL
041 _aeng
082 _a371.9104 SINS
100 _aSingh Uttam
_9222889
245 _aSpecial education
260 _aNew Delhi
_bCommonwealth Publishers
_c2005
300 _a311p
650 _aEducation
_9222890
700 _aNayak A K
_9222891
942 _2ddc
_cBED
999 _c235655
_d235655